[Event "OLNN 1920 SK Doppelbauer Kiel - SC Diog"]
[Site "?"]
[Date "2020.01.19"]
[Round "5.4"]
[White "Rieper, Julian"]
[Black "Schulenburg, Torben"]
[Result "0-1"]
[WhiteElo "2132"]
[BlackElo "2167"]
[PlyCount "64"]
[EventDate "2020.??.??"]

1. e4 e6 2. d4 d5 3. Nc3 Bb4 4. e5 c5 5. a3 Bxc3+ 6. bxc3 Ne7 7. Qg4 O-O 8. Nf3
Nbc6 9. Bd3 f5 10. exf6 Rxf6 11. Bg5 Rf7 12. Ne5 Nxe5 13. dxe5 c4 14. Be2 Qa5
15. Bd2 Ng6 16. Qd4 Ne7 17. g4 Bd7 18. O-O Raf8 19. f4 Ba4 20. Ra2 Nc6 21. Qe3
Qb5 22. Bc1 Qa5 23. Rb2 d4 24. Qg3 dxc3 25. Ra2 Nd4 26. Bxc4 Qc5 27. Qd3 Ne2+
28. Kg2 Nxc1 29. Rxc1 Rxf4 30. Bxe6+ Kh8 31. Bf5 Qf2+ 32. Kh3 Rf3+ 0-1

[Event "OLNN 1920 SK Doppelbauer Kiel - SC Diog"]
[Site "?"]
[Date "2020.01.19"]
[Round "5.5"]
[White "Mach, Holger"]
[Black "Saglam, Buelent"]
[Result "0-1"]
[WhiteElo "2214"]
[BlackElo "2118"]
[PlyCount "72"]
[EventDate "2020.??.??"]

1. e4 e6 2. d3 d5 3. Nd2 Nf6 4. Ngf3 b6 5. e5 Nfd7 6. g3 c5 7. Bg2 Qc7 8. O-O
Bb7 9. Re1 Nc6 10. Qe2 Rc8 11. c3 g5 12. Nxg5 Qxe5 13. Ndf3 Qxe2 14. Rxe2 Ba6
15. Ne1 Be7 16. Bf4 O-O 17. Rd1 Bf6 18. Nef3 e5 19. Bh3 Rcd8 20. Bc1 e4 21.
Nxe4 dxe4 22. Rxe4 Nde5 23. Nxe5 Nxe5 24. Bh6 Rfe8 25. Rf4 Bg7 26. Bxg7 Kxg7
27. d4 cxd4 28. cxd4 Be2 29. Rb1 Rxd4 30. Rxd4 Nf3+ 31. Kg2 Nxd4 32. Rc1 Bf3+
33. Kf1 Re5 34. Bg2 Be2+ 35. Kg1 Nf3+ 36. Kh1 Rc5 0-1

[Event "OLNN 1920 SK Doppelbauer Kiel - SC Diog"]
[Site "?"]
[Date "2020.01.19"]
[Round "5.7"]
[White "Laqua, Christian"]
[Black "Ghadimi, Mohammed Reza"]
[Result "0-1"]
[WhiteElo "2113"]
[BlackElo "2122"]
[PlyCount "114"]
[EventDate "2020.??.??"]

1. c4 Nf6 2. g3 g6 3. Bg2 d5 4. cxd5 Nxd5 5. Qb3 Nb6 6. Qc3 Rg8 7. d3 Bg7 8.
Qc2 c6 9. Nc3 h5 10. Nf3 Na6 11. a3 Nc7 12. b3 Bg4 13. Bb2 Ne6 14. Ne4 Bxf3 15.
Bxf3 f5 16. Nd2 Bxb2 17. Qxb2 Qd4 18. Rb1 Qxb2 19. Rxb2 O-O-O 20. h4 Nd4 21.
Bg2 e5 22. Nf3 Nxf3+ 23. Bxf3 Rge8 24. O-O Na8 25. Rc1 Nc7 26. b4 Kb8 27. Bg2
a6 28. Rc5 Re7 29. Kh2 Rd4 30. Bf1 Rd5 31. Rbc2 Ne6 32. Rxd5 cxd5 33. e3 Rc7
34. Rxc7 Kxc7 35. Bg2 Kd6 36. Kg1 Nc7 37. a4 b6 38. Kf1 a5 39. bxa5 bxa5 40.
Bf3 Kc5 41. e4 fxe4 42. dxe4 d4 43. Bd1 d3 44. f4 exf4 45. gxf4 Kd4 46. f5 gxf5
47. exf5 Nd5 48. Kf2 Ne3 49. f6 Nxd1+ 50. Kg3 d2 51. f7 Ne3 52. f8=Q d1=Q 53.
Qd8+ Nd5 54. Qxa5 Qg1+ 55. Kf3 Qe3+ 56. Kg2 Nf4+ 57. Kh1 Qh3+ 0-1

[Event "OLNN 1920 SK Doppelbauer Kiel - SC Diog"]
[Site "?"]
[Date "2020.01.19"]
[Round "5.8"]
[White "Buchholz, Sebastian"]
[Black "Apitzsch, Leon Fabian"]
[Result "1-0"]
[WhiteElo "2156"]
[BlackElo "1997"]
[PlyCount "73"]
[EventDate "2020.??.??"]

1. e4 c5 2. Nf3 e6 3. d4 cxd4 4. Nxd4 Nf6 5. Nc3 Nc6 6. Bf4 Bb4 7. Nxc6 bxc6 8.
a3 Bxc3+ 9. bxc3 Qa5 10. Bd3 Qxc3+ 11. Bd2 Qd4 12. O-O d5 13. exd5 exd5 14. Bb4
Be6 15. Re1 Qb6 16. Rb1 Rb8 17. c4 Qc7 18. cxd5 Nxd5 19. Qg4 g6 20. Qd4 Kd7 21.
Rbd1 Qb6 22. Bc5 Qa5 23. Bc4 Rhc8 24. h4 h5 25. Re5 Kc7 26. Bxa7 Rb7 27. Bc5
Rcb8 28. Bxd5 cxd5 29. Bb4 Qb5 30. Qf4 Kb6 31. Qd4+ Ka6 32. Rc1 Rb6 33. Rc5 Qd7
34. Re1 Rc8 35. Ra5+ Kb7 36. Bc5 Rb5 37. Ra7+ 1-0

[Event "OLNN 1920 Schachfreunde HH - SC Diogene"]
[Site "?"]
[Date "2020.02.09"]
[Round "6.1"]
[White "Hochgraefe, Markus"]
[Black "Ritscher, Jan-Paul"]
[Result "1/2-1/2"]
[WhiteElo "2401"]
[BlackElo "2245"]
[PlyCount "51"]
[EventDate "2020.??.??"]

1. Nf3 Nf6 2. c4 e6 3. g3 d5 4. Bg2 dxc4 5. Qa4+ c6 6. Qxc4 b5 7. Qc2 Bb7 8.
O-O c5 9. a4 a6 10. axb5 axb5 11. Rxa8 Bxa8 12. Na3 Qb6 13. Qb3 Bc6 14. Ne5
Bxg2 15. Kxg2 Bd6 16. Nf3 b4 17. Nc4 Qc6 18. d3 Nbd7 19. Bg5 Nd5 20. e4 N5b6
21. Nfd2 Be7 22. Be3 O-O 23. Rc1 Ra8 24. Nxb6 Qxb6 25. Nc4 Qb7 26. Nd2 1/2-1/2

[Event "OLNN 1920 Schachfreunde HH - SC Diogene"]
[Site "?"]
[Date "2020.02.09"]
[Round "6.2"]
[White "Kull, Florian"]
[Black "Schulenburg, Fabian"]
[Result "0-1"]
[WhiteElo "2140"]
[BlackElo "2273"]
[PlyCount "78"]
[EventDate "2020.??.??"]

1. e4 d5 2. exd5 Qxd5 3. Nc3 Qa5 4. d4 Nf6 5. Nf3 c6 6. Bc4 Bf5 7. Bd2 e6 8.
Nd5 Qd8 9. Nxf6+ Qxf6 10. Qe2 Bg4 11. d5 Bxf3 12. gxf3 cxd5 13. Bxd5 Nd7 14.
O-O-O O-O-O 15. Be4 Qe5 16. Kb1 Qc7 17. Bc3 f6 18. h4 Bc5 19. h5 h6 20. Rdg1
Nb6 21. Ba5 Rd7 22. Bd3 Re7 23. c4 Qd7 24. Rc1 Kb8 25. Rhd1 Rc8 26. b4 Bd4 27.
c5 Na8 28. Bb5 Qd5 29. Bc4 Qf5+ 30. Bd3 Qxh5 31. Be4 e5 32. b5 Bxc5 33. Rxc5
Rxc5 34. Bb4 Rec7 35. Rd8+ Rc8 36. Rxc8+ Rxc8 37. Bd6+ Nc7 38. Qc4 Qh1+ 39. Kb2
Qd1 0-1

[Event "OLNN 1920 Schachfreunde HH - SC Diogene"]
[Site "?"]
[Date "2020.02.09"]
[Round "6.3"]
[White "Kaid, Almar"]
[Black "Hermesmann, Hans"]
[Result "1/2-1/2"]
[WhiteElo "2266"]
[BlackElo "2197"]
[PlyCount "88"]
[EventDate "2020.??.??"]

1. c4 g6 2. g3 Bg7 3. Bg2 d6 4. Nc3 e5 5. e4 Nc6 6. Nge2 Be6 7. d3 Qd7 8. Nd5
f5 9. O-O Nge7 10. Be3 O-O 11. Qd2 Rf7 12. Rae1 Raf8 13. f3 Nc8 14. exf5 Bxf5
15. d4 Bh3 16. b3 Bxg2 17. Kxg2 exd4 18. Nxd4 Ne5 19. f4 Nc6 20. Nf3 h6 21. Bg1
N6e7 22. Nd4 Re8 23. Ne6 Nxd5 24. cxd5 c5 25. Qd3 Ne7 26. g4 b6 27. f5 gxf5 28.
gxf5 Qb7 29. Rd1 Nxf5 30. Rxf5 Rxe6 31. Rxf7 Kxf7 32. Rf1+ Kg8 33. Be3 Re5 34.
Rf5 Qe7 35. Bf4 Re2+ 36. Kh3 Rxa2 37. Qg3 Rc2 38. Bxd6 Qd7 39. Qf4 Rc3+ 40. Kg2
Qe8 41. Qg4 Rc2+ 42. Kh3 Rc3+ 43. Kg2 Rc2+ 44. Kh3 Rc3+ 1/2-1/2

[Event "OLNN 1920 Schachfreunde HH - SC Diogene"]
[Site "?"]
[Date "2020.02.09"]
[Round "6.4"]
[White "Neffe, Axel"]
[Black "Schulenburg, Torben"]
[Result "0-1"]
[WhiteElo "2251"]
[BlackElo "2176"]
[PlyCount "160"]
[EventDate "2020.??.??"]

1. e4 e6 2. d4 d5 3. Nc3 Bb4 4. e5 c5 5. a3 Bxc3+ 6. bxc3 Ne7 7. Qg4 O-O 8. Bd3
f5 9. exf6 Rxf6 10. Bg5 Rf7 11. Qh5 g6 12. Qd1 Nbc6 13. Nf3 Qa5 14. h4 c4 15.
Be2 Nf5 16. Bd2 Bd7 17. h5 gxh5 18. Rxh5 Rg7 19. g3 Rf8 20. Qc1 Be8 21. Rh2 Bg6
22. Ne5 Nxe5 23. dxe5 Rd7 24. Qb2 Qc7 25. Bf4 d4 26. Rd1 dxc3 27. Qxc3 Rxd1+
28. Bxd1 b5 29. Qb4 Rb8 30. g4 a5 31. Qd2 Rd8 32. Qc3 Nd4 33. f3 Qc5 34. Rd2 b4
35. axb4 axb4 36. Qe3 c3 37. Rf2 Rd5 38. Kf1 Nc6 39. Qxc5 Rxc5 40. Bg3 b3 41.
cxb3 c2 42. Bxc2 Rxc2 43. Rxc2 Bxc2 44. Ke2 Bxb3 45. f4 Bc2 46. Kd2 Bb1 47. Kc3
Kf7 48. Kc4 Be4 49. Kc5 Ne7 50. Kd6 Bf3 51. f5 Bxg4 52. fxe6+ Bxe6 53. Be1 Nf5+
54. Kc5 Kg6 55. Kb4 Kg5 56. Kc3 Kg4 57. Kd3 Kf3 58. Bd2 Kg4 59. Ke2 h5 60. Be1
Nd4+ 61. Kf1 Nf3 62. Bf2 Bc4+ 63. Kg2 Bd5 64. e6 Nd2+ 65. Kg1 Bxe6 66. Kg2 Ne4
67. Be1 Bc4 68. Kh2 h4 69. Bxh4 Kxh4 70. Kg2 Kg4 71. Kh2 Bf1 72. Kg1 Bh3 73.
Kh2 Kh4 74. Kh1 Kg3 75. Kg1 Ng5 76. Kh1 Bf1 77. Kg1 Bb5 78. Kh1 Ba6 79. Kg1
Nh3+ 80. Kh1 Bb7# 0-1

[Event "OLNN 1920 Schachfreunde HH - SC Diogene"]
[Site "?"]
[Date "2020.02.09"]
[Round "6.5"]
[White "Mach, Holger"]
[Black "Hourigan, Gerrit"]
[Result "1-0"]
[WhiteElo "2201"]
[BlackElo "2283"]
[PlyCount "95"]
[EventDate "2020.??.??"]

1. e4 c5 2. Nc3 a6 3. Nf3 d6 4. d4 cxd4 5. Nxd4 Nf6 6. Be3 e6 7. Qd2 b5 8. f3
Nbd7 9. O-O-O Bb7 10. g4 Nb6 11. Qf2 Nfd7 12. Bd3 Rc8 13. Nce2 Be7 14. h4 d5
15. Kb1 O-O 16. g5 dxe4 17. fxe4 Nc5 18. Ng3 Qc7 19. Rhg1 Bd6 20. Nh5 Kh8 21.
Nxg7 Kxg7 22. Qf6+ Kg8 23. Nf5 exf5 24. Bd4 Be5 25. Bxe5 Qxe5 26. Qxe5 fxe4 27.
Be2 Rfe8 28. Qf5 e3 29. Rgf1 Rc7 30. Qf6 Ne6 31. Bh5 Rf8 32. Bg4 Rc6 33. Qe7
Rc7 34. Qf6 Be4 35. Rc1 Rc6 36. Rfe1 Nc4 37. h5 Nc5 38. Qf4 Na4 39. Ka1 Re8 40.
Bd7 Ree6 41. Bxe6 Rxe6 42. Qb8+ Kg7 43. h6+ Kg6 44. Qg8+ Kf5 45. Qxf7+ Ke5 46.
b3 Nab6 47. bxc4 Nxc4 48. Rcd1 1-0

[Event "OLNN 1920 Schachfreunde HH - SC Diogene"]
[Site "?"]
[Date "2020.02.09"]
[Round "6.6"]
[White "Kluenger, Marc"]
[Black "Korba, Roman"]
[Result "1/2-1/2"]
[WhiteElo "2187"]
[BlackElo "2146"]
[PlyCount "111"]
[EventDate "2020.??.??"]

1. Nf3 d5 2. c4 e6 3. b3 d4 4. e3 c5 5. exd4 cxd4 6. d3 Nc6 7. g3 Nf6 8. Bg2
Be7 9. O-O O-O 10. Re1 Nd7 11. Na3 e5 12. Nc2 Re8 13. a3 a5 14. Bd2 f5 15. b4
Bf6 16. bxa5 e4 17. Nh4 Nc5 18. dxe4 Nxe4 19. Nb4 Nxa5 20. Nd5 Nxc4 21. Nxf6+
Qxf6 22. Bb4 Bd7 23. Nf3 Rad8 24. Qxd4 b5 25. Qxf6 Nxf6 26. Be7 Ra8 27. Nd4 Ra6
28. Bxf6 Rxf6 29. a4 Rd6 30. Nxb5 Rd2 31. Rxe8+ Bxe8 32. Nc7 Bf7 33. a5 Nxa5
34. Bh3 Ra2 35. Rxa2 Bxa2 36. Bxf5 g6 37. Be4 Bf7 38. f4 Nc4 39. Kf2 Kg7 40.
Bd5 Nd6 41. Bxf7 Kxf7 42. Kf3 h5 43. Nd5 Ke6 44. Nc3 Kf7 45. Ke3 Nf5+ 46. Kd3
Nh6 47. Ke2 Ng4 48. h3 Nh6 49. Kf3 Kg7 50. Nd5 Nf5 51. Ne3 Nd6 52. g4 hxg4+ 53.
Nxg4 Nf5 54. Ke4 Ng3+ 55. Ke5 Ne2 56. f5 1/2-1/2

[Event "OLNN 1920 Schachfreunde HH - SC Diogene"]
[Site "?"]
[Date "2020.02.09"]
[Round "6.7"]
[White "Gottuk, Stefan"]
[Black "Andersen, Jens Knud"]
[Result "1-0"]
[WhiteElo "2137"]
[BlackElo "2162"]
[PlyCount "47"]
[EventDate "2020.??.??"]

1. d4 Nf6 2. Bf4 b6 3. e3 Bb7 4. Nf3 g6 5. Bd3 Bg7 6. Qe2 d5 7. h4 c5 8. c3 Nc6
9. Nbd2 O-O 10. h5 Nxh5 11. Rxh5 gxh5 12. Ng5 h6 13. Bh7+ Kh8 14. Qxh5 e5 15.
dxe5 Nxe5 16. Bc2 Bc8 17. Nh7 Bg4 18. Qh2 Qd6 19. Nxf8 Rxf8 20. f3 Bc8 21.
O-O-O f5 22. Nc4 Qe6 23. Nxe5 d4 24. Bb3 1-0

[Event "OLNN 1920 Schachfreunde HH - SC Diogene"]
[Site "?"]
[Date "2020.02.09"]
[Round "6.8"]
[White "Hermann, Matthias"]
[Black "Apitzsch, Leon Fabian"]
[Result "1-0"]
[WhiteElo "2224"]
[BlackElo "1991"]
[PlyCount "123"]
[EventDate "2020.??.??"]

1. Nc3 c5 2. f4 d5 3. e4 d4 4. Bb5+ Nd7 5. Nce2 Ngf6 6. Ng3 h5 7. Qf3 h4 8.
N3e2 a6 9. Bxd7+ Bxd7 10. d3 e6 11. Nh3 Be7 12. O-O Qc7 13. Kh1 O-O-O 14. Bd2
e5 15. Ng5 Bg4 16. Qf2 Rdf8 17. c3 Nd7 18. cxd4 Bxg5 19. fxg5 f5 20. gxf6 Rxf6
21. Qe1 Rxf1+ 22. Qxf1 Rf8 23. Qe1 exd4 24. h3 Bh5 25. Nxd4 Qd6 26. Nf5 Qxd3
27. Bf4 Be2 28. Qxh4 Nf6 29. Be5 Nxe4 30. Qe7 Qd8 31. Qe6+ Qd7 32. Qxd7+ Kxd7
33. Nxg7 Nf2+ 34. Kg1 Nd3 35. Bc3 b5 36. a3 a5 37. Bxa5 Nxb2 38. Re1 Nc4 39.
Bc3 Bf3 40. Rf1 Nxa3 41. Rxf3 Rxf3 42. gxf3 b4 43. Bf6 c4 44. Kf2 c3 45. Ke2 c2
46. Kd2 b3 47. Kc1 Nc4 48. h4 Nd6 49. h5 Nf7 50. Bb2 Ke7 51. Nf5+ Ke6 52. Ne3
Ng5 53. f4 Nh3 54. f5+ Kf7 55. h6 Ng5 56. Ng4 Nh7 57. Kd2 Ng5 58. Kc3 Kg8 59.
Kxb3 Ne4 60. Kxc2 Nd6 61. Nf6+ Kf8 62. Ba3 1-0

[Event "OLNN 1920 SK Norderstedt - SK Doppelbau"]
[Site "?"]
[Date "2020.02.09"]
[Round "6.1"]
[White "Arndt, Magnus"]
[Black "Ostrovskiy, Andrey"]
[Result "1/2-1/2"]
[WhiteElo "2294"]
[BlackElo "2424"]
[PlyCount "56"]
[EventDate "2020.??.??"]

1. d4 Nf6 2. Bg5 e6 3. e4 h6 4. Bxf6 Qxf6 5. c3 d6 6. Nf3 Nd7 7. Nbd2 g6 8. Bd3
Bg7 9. h4 Qe7 10. h5 g5 11. Qe2 c5 12. dxc5 Nxc5 13. Bb5+ Bd7 14. O-O-O O-O-O
15. Rhe1 Kb8 16. Kb1 Bc8 17. Nb3 Nxb3 18. axb3 Qc7 19. Qe3 Qa5 20. Be2 g4 21.
Nd4 Qb6 22. Nb5 Qc5 23. Qxc5 dxc5 24. Bxg4 Be5 25. Na3 Bc7 26. Nb5 Be5 27. Na3
Bc7 28. Nb5 Be5 1/2-1/2

[Event "OLNN 1920 SK Norderstedt - SK Doppelbau"]
[Site "?"]
[Date "2020.02.09"]
[Round "6.2"]
[White "Kopylov, Michael"]
[Black "Beeck, Mats"]
[Result "1/2-1/2"]
[WhiteElo "2411"]
[BlackElo "2114"]
[PlyCount "57"]
[EventDate "2020.??.??"]

1. d4 Nf6 2. c4 g6 3. Nc3 Bg7 4. Nf3 O-O 5. e4 d6 6. Be2 e5 7. O-O Nc6 8. d5
Ne7 9. Ne1 Ne8 10. Nd3 f5 11. f4 exf4 12. Nxf4 c6 13. dxc6 Qb6+ 14. Kh1 bxc6
15. Bf3 Qc5 16. Qe2 g5 17. exf5 gxf4 18. Qxe7 Qxc4 19. Bxf4 Bxf5 20. Qb7 Rc8
21. Be2 Qf7 22. Qa6 Qd7 23. Rad1 d5 24. Be3 Rc7 25. Bc5 Rf6 26. Qa4 Qc8 27. Bf2
Rcf7 28. Rfe1 Nc7 29. Rc1 1/2-1/2

[Event "OLNN 1920 SK Norderstedt - SK Doppelbau"]
[Site "?"]
[Date "2020.02.09"]
[Round "6.4"]
[White "Powierski, Emil"]
[Black "Rieper, Julian"]
[Result "1-0"]
[WhiteElo "2313"]
[BlackElo "2123"]
[PlyCount "97"]
[EventDate "2020.??.??"]

1. e4 e5 2. Nf3 Nc6 3. Bb5 a6 4. Ba4 Nf6 5. d3 d6 6. Bxc6+ bxc6 7. O-O Be7 8.
d4 Nxe4 9. dxe5 d5 10. Nd4 Bd7 11. f3 Ng5 12. Nc3 c5 13. Nde2 d4 14. Nd5 Bc6
15. Nxe7 Qxe7 16. Ng3 O-O 17. Re1 f5 18. Bxg5 Qxg5 19. Qd3 Bb5 20. Qa3 Qe7 21.
Rad1 Rad8 22. Qa5 f4 23. Ne4 Rd5 24. a4 Be8 25. Nf2 Bg6 26. Qxa6 Rxe5 27. Rxe5
Qxe5 28. c3 Re8 29. h4 Rd8 30. Qc4+ Bf7 31. Qb5 Qe7 32. Ne4 dxc3 33. Rxd8+ Qxd8
34. bxc3 h6 35. h5 c4 36. a5 Qd1+ 37. Kh2 Qe1 38. Qf5 Qh4+ 39. Qh3 Qe7 40. Qc8+
Kh7 41. Qf5+ Kg8 42. Qxf4 Bd5 43. a6 Qd8 44. a7 Qa8 45. Qxc7 Bxe4 46. fxe4 Qxe4
47. Qc8+ Kh7 48. a8=Q Qe5+ 49. g3 1-0

[Event "OLNN 1920 SK Norderstedt - SK Doppelbau"]
[Site "?"]
[Date "2020.02.09"]
[Round "6.5"]
[White "Saglam, Buelent"]
[Black "Michna, Christian"]
[Result "1-0"]
[WhiteElo "2105"]
[BlackElo "2237"]
[PlyCount "87"]
[EventDate "2020.??.??"]

1. d4 c5 2. c4 cxd4 3. Nf3 e5 4. e3 dxe3 5. Bxe3 Nc6 6. Be2 Nf6 7. Nc3 Bb4 8.
O-O Bxc3 9. bxc3 O-O 10. Qc2 d6 11. Rfd1 Qe7 12. Rd2 Bg4 13. Rad1 Rfd8 14. h3
Bh5 15. Bg5 h6 16. Bxf6 Qxf6 17. Qb3 Qe7 18. Qa3 e4 19. Nd4 e3 20. Nf5 exf2+
21. Kf1 Bxe2+ 22. Rxe2 Qf6 23. Rxf2 Ne5 24. Rd4 Qe6 25. Rff4 g5 26. Rf2 Nxc4
27. Nxh6+ Kh7 28. Nxf7 Qg6 29. Qc1 Rg8 30. Nxg5+ Qxg5 31. Rf7+ Kh8 32. Qxg5
Rxg5 33. Rxc4 Rb5 34. Rf6 Rb1+ 35. Kf2 Rb2+ 36. Kg1 Rxa2 37. Rg4 Kh7 38. Rf7+
Kh6 39. Rf6+ Kh5 40. Rd4 Kg5 41. Rdf4 a5 42. R4f5+ Kh4 43. Rh6+ Kg3 44. Rf3#
1-0

[Event "OLNN 1920 SK Norderstedt - SK Doppelbau"]
[Site "?"]
[Date "2020.02.09"]
[Round "6.6"]
[White "Meyer, Falko"]
[Black "Petri, Alexander"]
[Result "1/2-1/2"]
[WhiteElo "2208"]
[BlackElo "2135"]
[PlyCount "27"]
[EventDate "2020.??.??"]

1. d4 d5 2. Bf4 Nf6 3. Nf3 e6 4. e3 c5 5. c3 Bd6 6. Bg3 O-O 7. Nbd2 Qc7 8. Bd3
Nbd7 9. Bxd6 Qxd6 10. O-O e5 11. dxc5 Qxc5 12. e4 dxe4 13. Nxe4 Nxe4 14. Bxe4
1/2-1/2

[Event "OLNN 1920 SK Norderstedt - SK Doppelbau"]
[Site "?"]
[Date "2020.02.09"]
[Round "6.7"]
[White "Buchholz, Sebastian"]
[Black "Bohnsack, Ralf"]
[Result "0-1"]
[WhiteElo "2162"]
[BlackElo "2156"]
[PlyCount "42"]
[EventDate "2020.??.??"]

1. e4 c5 2. Nf3 Nc6 3. d4 cxd4 4. Nxd4 e5 5. Nb5 d6 6. c4 a6 7. N5a3 Nf6 8. Bg5
Be7 9. Bxf6 Bxf6 10. g3 Be6 11. Nc3 O-O 12. Bg2 Nd4 13. O-O Rc8 14. Nd5 Bxd5
15. exd5 b5 16. Qd3 Qa5 17. Bh3 Rc7 18. Rac1 e4 19. Qxe4 Re7 20. Qb1 b4 21. Nc2
Nf3+ 0-1

[Event "OLNN 1920 SF Schwerin - Preetzer TSV"]
[Site "?"]
[Date "2020.02.09"]
[Round "6.1"]
[White "Pedersen, Steffen"]
[Black "Brynell, Stellan"]
[Result "1/2-1/2"]
[WhiteElo "2324"]
[BlackElo "2412"]
[PlyCount "29"]
[EventDate "2020.??.??"]

1. d4 e6 2. Nf3 Nf6 3. c4 b6 4. g3 Ba6 5. Qb3 c6 6. Bg2 Be7 7. O-O d5 8. Nbd2
O-O 9. Re1 Nbd7 10. cxd5 cxd5 11. Nf1 Bc4 12. Qd1 a5 13. Bf4 Nh5 14. Bd2 Nhf6
15. Bf4 1/2-1/2

[Event "OLNN 1920 SF Schwerin - Preetzer TSV"]
[Site "?"]
[Date "2020.02.09"]
[Round "6.2"]
[White "Kesten, Sebastian"]
[Black "Schwarz, Frank"]
[Result "1/2-1/2"]
[WhiteElo "2291"]
[BlackElo "2235"]
[PlyCount "33"]
[EventDate "2020.??.??"]

1. d4 Nf6 2. c4 e6 3. Nc3 d5 4. Bg5 Be7 5. e3 O-O 6. Qc2 Nbd7 7. cxd5 exd5 8.
Bd3 c6 9. Nge2 Re8 10. O-O Nf8 11. Rad1 Ne4 12. Bxe7 Qxe7 13. Bxe4 dxe4 14. Ng3
f5 15. d5 Ng6 16. Qa4 Ne5 17. dxc6 1/2-1/2

[Event "OLNN 1920 SF Schwerin - Preetzer TSV"]
[Site "?"]
[Date "2020.02.09"]
[Round "6.3"]
[White "Junge, Kai"]
[Black "Schulz, Karsten"]
[Result "1/2-1/2"]
[WhiteElo "2183"]
[BlackElo "2304"]
[PlyCount "45"]
[EventDate "2020.??.??"]

1. Nf3 d6 2. d4 Nf6 3. g3 Nbd7 4. Bg2 e5 5. O-O Be7 6. c4 O-O 7. Nc3 c6 8. e4
a6 9. a4 a5 10. h3 exd4 11. Nxd4 Nc5 12. Qc2 Re8 13. Be3 Qc7 14. Rfe1 Bd7 15.
Rad1 Rad8 16. Re2 Bc8 17. Red2 Bf8 18. Bf4 Qb6 19. Bg5 Be7 20. Be3 Bf8 21. Bg5
Be7 22. Be3 Bf8 23. Bg5 1/2-1/2

[Event "OLNN 1920 SF Schwerin - Preetzer TSV"]
[Site "?"]
[Date "2020.02.09"]
[Round "6.4"]
[White "De Jong, Migchiel"]
[Black "Skaanning-Pedersen, Kim Henrik"]
[Result "1-0"]
[WhiteElo "2333"]
[BlackElo "2248"]
[PlyCount "59"]
[EventDate "2020.??.??"]

1. Nf3 c5 2. e4 g6 3. d4 cxd4 4. Nxd4 Nc6 5. c4 Bg7 6. Be3 Nf6 7. Nc3 O-O 8.
Be2 d6 9. O-O Bd7 10. h3 Nxd4 11. Bxd4 Bc6 12. Qc2 a5 13. Rad1 Nd7 14. Bxg7
Kxg7 15. Bg4 Ne5 16. c5 Nxg4 17. hxg4 Qc8 18. cxd6 Qxg4 19. dxe7 Rfe8 20. Nd5
Bxd5 21. Qc3+ Kg8 22. exd5 Rxe7 23. d6 Rd7 24. Rfe1 h6 25. Rd4 Qg5 26. Rde4
Rdd8 27. d7 Qb5 28. Re7 Qc6 29. Re8+ Rxe8 30. Rxe8+ 1-0

[Event "OLNN 1920 SF Schwerin - Preetzer TSV"]
[Site "?"]
[Date "2020.02.09"]
[Round "6.5"]
[White "Willsch, Matthias"]
[Black "Hilwerda, Jonas"]
[Result "0-1"]
[WhiteElo "2174"]
[BlackElo "2202"]
[PlyCount "104"]
[EventDate "2020.??.??"]

1. d4 Nf6 2. c4 g6 3. Nc3 Bg7 4. e4 d6 5. f4 c5 6. dxc5 Qa5 7. Bd3 Qxc5 8. Qe2
O-O 9. Be3 Qa5 10. Nf3 Nc6 11. O-O Bg4 12. Qf2 Bxf3 13. gxf3 Nh5 14. Rac1 Qd8
15. Kh1 e6 16. Rg1 f5 17. exf5 exf5 18. c5 dxc5 19. Bc4+ Kh8 20. Bxc5 Bd4 21.
Bxd4+ Qxd4 22. Qxd4+ Nxd4 23. Rgd1 Rad8 24. Bd5 Nc6 25. Bxc6 bxc6 26. Ne2 Rxd1+
27. Rxd1 Re8 28. Rd2 Re3 29. Rc2 a5 30. Kg1 Rxf3 31. Rc4 Rd3 32. Rc2 Rf3 33.
Rc4 Rd3 34. Rc2 Re3 35. Kf2 Re4 36. Kf3 Rb4 37. b3 a4 38. Rc4 Rxc4 39. bxc4 Nf6
40. Nc3 a3 41. h4 Kg7 42. Ke3 Kh6 43. Kd4 Kh5 44. Nb1 Kxh4 45. Nxa3 Kg3 46. Nc2
h5 47. Ke3 h4 48. Nd4 h3 49. Nf3 c5 50. a4 Nd7 51. a5 Nb8 52. Nd2 h2 0-1

[Event "OLNN 1920 SF Schwerin - Preetzer TSV"]
[Site "?"]
[Date "2020.02.09"]
[Round "6.6"]
[White "Reichmann, Hendrik"]
[Black "Schwarzat, Julian"]
[Result "1-0"]
[WhiteElo "2340"]
[BlackElo "2123"]
[PlyCount "137"]
[EventDate "2020.??.??"]

1. d4 e6 2. Bf4 Nf6 3. e3 c5 4. c3 a6 5. Nd2 d6 6. dxc5 dxc5 7. Nc4 Nd5 8. Bg3
b5 9. Ne5 Nd7 10. Nxd7 Bxd7 11. Nf3 Be7 12. Bd3 O-O 13. Qc2 Nf6 14. Rd1 Qc8 15.
Bh4 h6 16. Ne5 Ra7 17. Qe2 Bc6 18. Bb1 Ba8 19. f3 Rd8 20. O-O Kf8 21. Rxd8+
Qxd8 22. Rd1 Qc8 23. Qc2 Ke8 24. a4 c4 25. axb5 axb5 26. Bxf6 Bxf6 27. Ng4 Rd7
28. Nxf6+ gxf6 29. Rd4 Rxd4 30. exd4 Ke7 31. Qd2 Qg8 32. Kf2 Qg7 33. Qf4 Bc6
34. Qc7+ Bd7 35. h4 Qg8 36. d5 exd5 37. Qc5+ Ke8 38. Qxd5 Qf8 39. Bf5 Bxf5 40.
Qxf5 Qd6 41. Qxb5+ Kd8 42. Qxc4 Qd2+ 43. Qe2 Qf4 44. g3 Qc1 45. Qd3+ Kc7 46.
Qc4+ Kd8 47. Qd4+ Kc8 48. b4 Qc2+ 49. Kg1 f5 50. Qe3 Kd7 51. Qd4+ Kc6 52. g4
Qc1+ 53. Kf2 fxg4 54. fxg4 Kb5 55. Qd5+ Ka4 56. Qd7+ Ka3 57. Qxf7 Qd2+ 58. Kg3
Qe1+ 59. Qf2 Qe5+ 60. Kg2 Kb3 61. Qf3 Qe6 62. b5 Ka4 63. Qf4+ Ka5 64. Kf2 Qb6+
65. Qd4 Qe6 66. c4 Kb4 67. b6 h5 68. b7 Qf7+ 69. Kg1 1-0

[Event "OLNN 1920 SF Schwerin - Preetzer TSV"]
[Site "?"]
[Date "2020.02.09"]
[Round "6.7"]
[White "Kornrumpf, Joachim"]
[Black "Heinsohn, Wilfried"]
[Result "0-1"]
[WhiteElo "2072"]
[BlackElo "2121"]
[PlyCount "126"]
[EventDate "2020.??.??"]

1. b3 e5 2. Bb2 Nc6 3. c4 Nf6 4. e3 Be7 5. d3 O-O 6. Nd2 d5 7. cxd5 Nxd5 8. a3
Be6 9. Ngf3 f6 10. Be2 Nb6 11. O-O Qd7 12. Qc2 Rfd8 13. Rfd1 Rac8 14. Rac1 Bf8
15. b4 Qf7 16. Kh1 Rd7 17. Rg1 Rcd8 18. b5 Na5 19. g4 Nb3 20. Rcf1 Na4 21. Nxb3
Bxb3 22. Qc1 Nxb2 23. Qxb2 Bd5 24. e4 Be6 25. g5 Kh8 26. Rg3 Bd6 27. gxf6 Qxf6
28. Rfg1 Re8 29. Qc1 Bg8 30. a4 Bf8 31. Qe3 b6 32. R1g2 Bc5 33. Qc1 Rf7 34. Ng5
Rd7 35. Nf3 Bb3 36. Qa1 Rde7 37. a5 Bg8 38. Ng5 Qf4 39. Rf3 Qd2 40. Bf1 h6 41.
Rh3 Bd4 42. Qb1 bxa5 43. Nf3 Qb2 44. Qe1 Qa1 45. Qe2 a4 46. Nxd4 exd4 47. f4
Rf8 48. Qf2 a3 49. Rg1 Qc3 50. Qh4 Qc5 51. f5 a2 52. Be2 Rf6 53. Rhg3 Qe5 54.
Qh3 a6 55. Qg2 Rb6 56. Rg6 Rxg6 57. Qxg6 axb5 58. Rf1 Qf6 59. Qg2 b4 60. Bf3 c5
61. Qb2 Ra7 62. Rc1 Qa6 63. Qa1 Qxd3 0-1

[Event "OLNN 1920 SF Schwerin - Preetzer TSV"]
[Site "?"]
[Date "2020.02.09"]
[Round "6.8"]
[White "Kunze, Kerstin"]
[Black "Dittmann, Hans-Adolf"]
[Result "1/2-1/2"]
[WhiteElo "2035"]
[BlackElo "2095"]
[PlyCount "136"]
[EventDate "2020.??.??"]

1. e4 c5 2. Nf3 d6 3. b3 Nc6 4. d4 cxd4 5. Nxd4 Nf6 6. Nxc6 bxc6 7. Bd3 g6 8.
Bb2 Bg7 9. O-O O-O 10. c4 a5 11. Nc3 Nd7 12. Kh1 Nc5 13. f4 Bg4 14. Qd2 f5 15.
exf5 Nxd3 16. Qxd3 Bxf5 17. Qd2 d5 18. cxd5 cxd5 19. Rfe1 e6 20. Nb5 a4 21.
Bxg7 Kxg7 22. Qd4+ Qf6 23. bxa4 Qxd4 24. Nxd4 Kf6 25. Rac1 Rxa4 26. Nxf5 gxf5
27. Rc7 Rf7 28. Rc6 Re4 29. Rf1 Ra7 30. Rc2 Rea4 31. Rff2 Rb7 32. g3 Rb6 33.
Kg2 Rba6 34. Rfd2 Ra3 35. Kf2 R6a4 36. Kg2 h5 37. Kf2 h4 38. Kg2 hxg3 39. hxg3
Ra8 40. Rb2 Rg8 41. Rb3 Rga8 42. Rxa3 Rxa3 43. Kf2 Ke7 44. Rb2 Kd7 45. Rb7+ Kc6
46. Rb2 Kc5 47. Re2 Kd6 48. Kg2 Rc3 49. Rd2 Ra3 50. Kf2 Kc5 51. Re2 Ra6 52.
Rc2+ Kd4 53. Rd2+ Kc4 54. Ke2 Ra3 55. Rc2+ Kd4 56. Rd2+ Ke4 57. Kf2 Rf3+ 58.
Kg2 Rd3 59. Re2+ Re3 60. Kf2 Rxe2+ 61. Kxe2 Kd4 62. Kd2 Kc4 63. Kc2 Kb4 64. Kb2
Kc4 65. Kc2 Kb4 66. Kb2 Ka4 67. Kc2 Ka3 68. Kb1 Ka4 1/2-1/2